000 00736cam a2200241 a 4500
001 000001100
003 DO-SdBNP
005 20250529110403.0
008 920810s1991 cu b 001 0 spa
040 _aDO-SdBNP
_cDLC
_dDLC
082 _a305.55
_bL869f
100 1 _aLorenzo, Reinerio,
_d1940-
_93762
245 1 3 _aEl fracaso de una ideología :
_bquiebra de la ideología burguesa en Cuba /
_cReinerio Lorenzo.
260 _aLa Habana :
_bPolítica,
_c1991.
300 _a135 p. ;
_c17 cm.
490 1 _aVOZ
504 _aIncluye referencias bibliográficas
650 0 _aClase media
_zCuba
_92589
650 0 _aClases sociales
_zCuba
_91062
830 0 _aVOZ
_93765
910 _aCatalogación por copia / LC
942 _2ddc
_cLBS1
999 _c1059
_d1059